000
00204nam a2200109Ia 4500
100
_a
BICKELMANN/URSULA.
942
_c
BK
245
_a
ARTISTS TODAY.
260
_b
#N/A
546
_a
ENGLISH
999
_c
34572
_d
34572